[Event "Lublin Chmielewski Memorial-B"]
[Site "Lublin"]
[Date "2013.12.28"]
[Round "4"]
[White "Bojczewski, Grzegorz"]
[Black "Pyda, Kamil"]
[Result "1-0"]
[WhiteElo "1600"]
[BlackElo "1600"]
[PlyCount "63"]
[EventDate "2013.12.27"]
[EventType "swiss"]
[EventRounds "7"]
[EventCountry "POL"]
[SourceTitle "CBM 158 Extra"]
[Source "ChessBase"]
[SourceDate "2014.02.28"]
[SourceVersion "1"]
[SourceVersionDate "2014.02.28"]
[SourceQuality "1"]

1. e4 e5 2. Nf3 Nc6 3. Bb5 f6 4. Nc3 Bc5 5. 0-0 Nge7 6. Bc4 d6 7. h3 h5 8. Nh2 Nd4 9. Ne2 Ng6 10. c3 Ne6 11. Ng3 h4 12. Nf5 Rh7 13. d4 Bb6 14. Qg4 Nef8 15. Bg8 Rh8 16. Nxg7+ Ke7 17. Nf5+ Ke8 18. Bc4 exd4 19. cxd4 Bxd4 20. Qe2 Be5 21. Nf3 Nf4 22. Bxf4 Bxf4 23. N3xh4 Bg5 24. Ng7+ Kd7 25. Qg4+ Kc6 26. Bd5+ Kb6 27. Qd1 Nd7 28. Qb3+ Ka5 29. Qa3+ Kb6 30. Qb4+ Ka6 31. Bc4+ b5 32. Qxb5# 1-0